Loading...
| Science - Biology | 0 | 2 | 0 | 0 | 20 | 57 | 72.00 | 0 | 0 | 6.70 | 7.58 |
| Fine Arts - Classical Music | 0 | 3 | 2 | 1 | 20 | 14 | 65.33 | 1 | 2 | 15.65 | 22.14 |
| Fine Arts - Other | 0 | 2 | 0 | 0 | 20 | 90 | 97.50 | 0 | 0 | 3.22 | 7.58 |
| Literature - British | 0 | 2 | 0 | 0 | 20 | 73 | 91.00 | 0 | 0 | 4.67 | 8.33 |
| History - American | 0 | 2 | 0 | 0 | 20 | 86 | 89.50 | 0 | 0 | 3.37 | 10.69 |
| History - European | 0 | 2 | 0 | 0 | 20 | 58 | 79.00 | 0 | 0 | 6.90 | 10.19 |
| History - World | 0 | 2 | 1 | 0 | 15 | 64 | 67.00 | 0 | 1 | 8.29 | 11.11 |
| Current Events | 0 | 1 | 0 | 0 | 10 | 68 | 68.00 | 0 | 1 | 7.86 | 15.00 |
| Geography | 0 | 1 | 0 | 0 | 10 | 98 | 98.00 | 0 | 0 | 1.82 | 6.94 |
| Literature - European | 0 | 1 | 0 | 0 | 10 | 87 | 87.00 | 0 | 0 | 3.50 | 4.63 |
| Literature - World | 0 | 1 | 0 | 0 | 10 | 113 | 113.00 | 0 | 0 | 0.00 | 0.93 |
| Popular Culture | 0 | 1 | 0 | 0 | 10 | 80 | 80.00 | 0 | 0 | 5.45 | 6.67 |
| Religion | 0 | 1 | 0 | 0 | 10 | 28 | 28.00 | 1 | 1 | 8.38 | 11.11 |
| Science - Other | 0 | 0 | 1 | 0 | -5 | 0.00 | 0 | 0 | 0.00 | 0.00 | |
| Literature - American | 0 | 0 | 2 | 0 | -10 | 0.00 | 0 | 0 | 0.00 | 0.00 |